| 000 | 00853nam a22002057a 4500 | ||
|---|---|---|---|
| 999 |
_c2144 _d2144 |
||
| 003 | AR-CdUCM | ||
| 008 | 190304b ||||| |||| 00| 0 spa d | ||
| 040 |
_aMUNICIPALIDAD PROVINCIAL DEL CUSCO _cBIBLIOTECA MUNICIPAL DEL CUSCO |
||
| 082 |
_a985.0191 / _bL86 |
||
| 100 |
_aGómara, Francisco López de, _97728 |
||
| 245 | _aHistoria general de las Indias / | ||
| 260 |
_aBarcelona : _bIberia, _c1954. |
||
| 300 |
_a477 páginas ; _c19 cm. |
||
| 505 | _aContenido: Nacimiento de Hernán Cortes -- Combate y toma de Potonchan -- Cartas del cabildo y ejército para el emperador por la gobernación para Cortés -- El oro y las joyas que Moctezuma dió a Cortés -- Muerte de Hernán Cortés ... | ||
| 650 |
_aDescubrimiento y conquista _92362 |
||
| 650 |
_aNueva España _93824 |
||
| 650 |
_aGuerras civiles _97729 |
||
| 942 |
_2ddc _cLIBROS |
||
| 945 | _aafb | ||